Statistics for Top 10 Asian Countries with the Most Skyscrapers

Click here to take the quiz!

General Stats

  • This quiz has been taken 53 times
  • The average score is 9 of 10

Answer Stats

#Country% Correct
3,088China
100%
102India
100%
271Japan
98%
129Indonesia
94%
314United Arab Emirates
94%
276South Korea
87%
125Thailand
87%
95Singapore
81%
266Malaysia
77%
122Philippines
72%

Score Distribution

Percentile by Number Answered

Percent of People with Each Score

Your Score History

You have not taken this quiz